Statistics for Smallest Countries in Each Time Zone

Click here to take the quiz!

General Stats

  • This quiz has been taken 70 times
  • The average score is 17 of 22

Answer Stats

Countries% Correct
Vatican City
95%
Singapore
93%
United States
92%
Kiribati
90%
Bahrain
88%
Tonga
88%
Nauru
86%
Palau
85%
St Kitts & Nevis
85%
Maldives
81%
F.S. of Micronesia
80%
Seychelles
80%
Bhutan
78%
Cape Verde
76%
El Salvador
73%
Jamaica
73%
Cyprus
71%
Gambia
71%
United Kingdom
69%
Suriname
63%
New Zealand
54%
Cambodia
53%

Score Distribution

Percentile by Number Answered

Percent of People with Each Score

Your Score History

You have not taken this quiz